| 000 | 00828naa a22002537a 4500 | ||
|---|---|---|---|
| 001 | BR8105896 | ||
| 003 | BR-BrBNA | ||
| 005 | 20250716171944.0 | ||
| 007 | ta | ||
| 008 | 250630b bl.|||m| |||| 00| 0 por d | ||
| 040 |
_aBR-BrBNA _bpor _cBiblioteca Nacional de Agricultura |
||
| 041 | _a(Pt) | ||
| 072 |
_aF00 _b0150 _bG514 |
||
| 090 | _aF00 BR8105896 | ||
| 100 | 1 | _aAndrade, V.A. | |
| 245 | 1 | _aPlantio direto em arroz irrigado [Oryza sativa, Rio Grande do Sul, Brasil] | |
| 500 | _aDia de campo-arroz Pelotas, RS (Brasil): 1981. p. 9-10 (BR8105896-AMS) | ||
| 650 | _aARROZ IRRIGADO | ||
| 650 | _aPLANTIO DIRETO | ||
| 650 | _aRIO GRANDE DO SUL | ||
| 490 |
_aDocumentos - Unidade de Execucao de Pesquisa de Ambito Estadual de Pelotas (Brazil) _vno. 2 |
||
| 942 |
_cAMS _2AGRIS |
||
| 909 |
_a202506 _bLúcia _c55 _dLúcia Elande |
||
| 999 |
_c333823 _d333823 |
||